Great Britain and the United States, 1895-1903 (Record no. 478633)

000 -LEADER
fixed length control field 00461cam a22001457a 4500
008 - FIXED-LENGTH DATA ELEMENTS--GENERAL INFORMATION
fixed length control field 180718b1960 xxu||||| |||| 00| 0 eng d
082 ## - DEWEY DECIMAL CLASSIFICATION NUMBER
Classification number Lx42 C152
100 ## - MAIN ENTRY--PERSONAL NAME
Personal name Campbell, A.E.
245 ## - TITLE STATEMENT
Title Great Britain and the United States, 1895-1903
Statement of responsibility, etc. by A.E. Campbell
260 ## - PUBLICATION, DISTRIBUTION, ETC.
Place of publication, distribution, etc. London
Name of publisher, distributor, etc. Longmans
Date of publication, distribution, etc. 1960
300 ## - PHYSICAL DESCRIPTION
Extent 216p.
500 ## - GENERAL NOTE
General note 30/-
650 ## - SUBJECT ADDED ENTRY--TOPICAL TERM
Topical term or geographic name entry element Great Britain --Foreign relations --United States
650 ## - SUBJECT ADDED ENTRY--TOPICAL TERM
Topical term or geographic name entry element United States --Foreign relations --Great Britain
Holdings
Withdrawn status Lost status Damaged status Not for loan Permanent Location Current Location Date acquired Full call number Barcode Date last seen Price effective from Koha item type
        Indian Institute of Public Administration Indian Institute of Public Administration 2018-08-04 Lx42 C152 GR895 2018-08-04 2018-08-04 GR

Powered by Koha